A new initiative (Record no. 107091)

MARC details
000 -LEADER
fixed length control field 01074cam a22002535a 4500
001 - CONTROL NUMBER
control field L138261
008 - FIXED-LENGTH DATA ELEMENTS--GENERAL INFORMATION
fixed length control field 070524e2006 xxk f 100 0 eng d
035 ## - SYSTEM CONTROL NUMBER
System control number (Sirsi) u138261
041 0# - LANGUAGE CODE
Language code of text/sound track or separate title eng
100 1# - MAIN ENTRY--PERSONAL NAME
Personal name Sullivan, K.T.
245 02 - TITLE STATEMENT
Title A new initiative
Remainder of title Facility Management Research Institute
Medium [electronic resource]
260 ## - PUBLICATION, DISTRIBUTION, ETC.
Date of publication, distribution, etc. 2006
490 #0 - SERIES STATEMENT
Series statement COBRA
Volume/sequential designation 2006
520 ## - SUMMARY, ETC.
Summary, etc. Discusses the creation of the Facility Management Research Institute (FMRI) at Arizona University, and the ways in which the institution provides education and research in support of facility managers.
651 #4 - SUBJECT ADDED ENTRY--GEOGRAPHIC NAME
Geographic name ARIZONA
690 ## - LOCAL SUBJECT ADDED ENTRY--TOPICAL TERM (OCLC, RLIN)
Topical term or geographic name as entry element MANAGEMENT-FACILITIES MANAGEMENT-FACILITIES MANAGERS
690 ## - LOCAL SUBJECT ADDED ENTRY--TOPICAL TERM (OCLC, RLIN)
Topical term or geographic name as entry element CAREERS, EDUCATION AND TRAINING
700 1# - ADDED ENTRY--PERSONAL NAME
Personal name Badger, W.W.
700 1# - ADDED ENTRY--PERSONAL NAME
Personal name Kashiwagi, D.
700 1# - ADDED ENTRY--PERSONAL NAME
Personal name Okamura, P.
711 2# - ADDED ENTRY--MEETING NAME
Meeting name or jurisdiction name as entry element Construction and Building Research Conference
Location of meeting University College London, London
Date of meeting or treaty signing 7-8 September 2006
856 40 - ELECTRONIC LOCATION AND ACCESS
Uniform Resource Identifier <a href="https://www.rics.org/site/scripts/download_info.aspx?downloadID=2924">https://www.rics.org/site/scripts/download_info.aspx?downloadID=2924</a>
Public note View the item free of charge at www.rics.org...
942 ## - ADDED ENTRY ELEMENTS (KOHA)
Suppress in OPAC 0
Holdings
Withdrawn status Lost status Source of classification or shelving scheme Damaged status Not for loan Home library Current library Shelving location Date acquired Total Checkouts Full call number Barcode Date last seen Copy number Price effective from Koha item type
    Dewey Decimal Classification     Virtual Virtual Online 24/05/2007   L138261 138261-2001 06/08/2019 1 06/08/2019 Book